000 00462nam a2200193Ia 4500
005 20240823013130.0
008 240823s9999||||xx |||||||||||||| ||und||
020 _a81-203-0868-9
041 _aENGLISH
082 _A004.6 P3
100 _aKosala Blair J
245 0 _aNeural Networks and Fuzzy Systems
250 _a1st
260 _c2003
_b"PHI,New D"
500 _aTRANSFERED
650 _aNetworks
_bComputer Science
942 _cBK
999 _c166385
_d166385